| 000 | 00402nam a2200109Ia 4500 | ||
|---|---|---|---|
| 008 | 160909s9999 xx 000 0 und d | ||
| 100 | _aBlack, Shaun M. | ||
| 245 | 3 | _aAn examination of urban school governance reform in Detroit Public Schools, 1999–2014 | |
| 260 |
_bWayne State University. _c2016 |
||
| 650 | _aFINANCIAL MANAGEMENT | ||
| 856 | _uhttp://pqdtopen.proquest.com/doc/1790627273.html?FMT=ABS | ||
| 999 |
_c304605 _d304605 |
||